ՀՀ Գիտությունների ազգային ակադեմիայի հիմնարար գիտական գրադարան  =   Fundamental Scientific Library of NAS RA

Նրանք աշխատում են կոմունիստաբար / (Record no. 12184)

MARC details
000 -LEADER
fixed length control field 00776-am-a2200229-a-4500
001 - CONTROL NUMBER
control field 000027959
003 - CONTROL NUMBER IDENTIFIER
control field AM-YEHGA
005 - DATE AND TIME OF LATEST TRANSACTION
control field 20250618070915.0
008 - FIXED-LENGTH DATA ELEMENTS--GENERAL INFORMATION
fixed length control field 001205s1960 xxuai 0 0 arm u arm
020 ## - INTERNATIONAL STANDARD BOOK NUMBER
Terms of availability 80.00
040 ## - CATALOGING SOURCE
Original cataloging agency AM-YeHGA
041 0# - LANGUAGE CODE
Language code of text/sound track or separate title arm
090 ## - LOCALLY ASSIGNED LC-TYPE CALL NUMBER (OCLC); LOCAL CALL NUMBER (RLIN)
-- 12280
100 1# - MAIN ENTRY--PERSONAL NAME
Personal name Սաֆյան, Պ.Ս
245 10 - TITLE STATEMENT
Title Նրանք աշխատում են կոմունիստաբար /
Statement of responsibility, etc. Պ.Ս. Սաֆյան, Ա. Վարդանյան ; Խմբ.՝ Վ. Հարությունյան.
260 0# - PUBLICATION, DISTRIBUTION, ETC.
Place of publication, distribution, etc. Եր. :
Name of publisher, distributor, etc. Հայպետհրատ,
Date of publication, distribution, etc. 1960.
300 ## - PHYSICAL DESCRIPTION
Extent 78 էջ
650 14 - SUBJECT ADDED ENTRY--TOPICAL TERM
Topical term or geographic name entry element Աշխատանքի իրավունք
700 1# - ADDED ENTRY--PERSONAL NAME
Personal name Վարդանյան, Աղասի Հարությունի,
Dates associated with a name 1891-1968
9 (RLIN) 2798
700 1# - ADDED ENTRY--PERSONAL NAME
Personal name Հարությունյան, Վ.
Relator term Խմբ.
Relationship edt
942 ## - ADDED ENTRY ELEMENTS (KOHA)
Source of classification or shelving scheme Universal Decimal Classification
Koha item type Գրքեր / Books
Holdings
Withdrawn status Lost status Damaged status Not for loan Collection Home library Current library Date acquired Total checkouts Full call number Barcode Date last seen Cost, replacement price Price effective from Koha item type Public note
        General Fundamental Scientific Library Fundamental Scientific Library 21/12/2016   AI/635 FL0033842 21/12/2016 80.00 21/12/2016 Գրքեր / Books 30 Days Loan
        General Fundamental Scientific Library Fundamental Scientific Library 21/12/2016   AI/636 FL0033843 21/12/2016 80.00 21/12/2016 Գրքեր / Books 30 Days Loan
        General Fundamental Scientific Library Fundamental Scientific Library 21/12/2016   AI/637 FL0033844 21/12/2016 80.00 21/12/2016 Գրքեր / Books 30 Days Loan


ՀՀ ԳԱԱ հիմնարար գիտական գրադարան
ՀՀ,Երևան 0019
Մարշալ Բաղրամյան 24/6
հեռախոս:(374-10) 52-47-50
Հետադարձ կապ

All site content, except where otherwise noted, is licensed under a
Creative Commons License